000 01101cab a2200325 4500
001 ABS44115
008 090401t xxu||||| |||| 00| 0 eng d
035 _a(Sirsi) u45409
041 _aeng
100 _aCrosby, N.
245 _aLegal and valuation implications of abnormal rent review patterns : Problem - what problem?
260 _c11(2) Winter 1990/91, 130-146(9)
350 _a0
490 _aRent Review & Lease Renewal
_v11(2) Winter 1990/91, 130-146(9)
520 _aThis paper is the first in a series which looks at the legal and valuation problems which arise on properties let on leases which provide for rent changes to occur at longer intervals than the current norm of five years.
650 _a14-YEAR
650 _a21-YEAR
650 _a5-YEAR
650 _a7-YEAR
650 _aABNORMAL REVIEW PERIOD
650 _aLEASE LENGTH
650 _aLONG REVIEW PERIOD
650 _aRENT REVIEW PERIOD
650 _aRENT REVIEWS
650 _aRESEARCH
690 _aLANDLORD AND TENANT-RENT REVIEWS
700 _aMurdoch, S.
942 _n0
948 _c04/03/1997
999 _c28820
_d28820